000 00904 a2200169 4500
003 Nust
005 20230327111844.0
040 _cNust
082 _a629.83,TRU
100 _aJohn J. Truxal
_9111434
245 _aAutomatioc feedback control system Synthesis /
_cJohn G. Truxal
260 _aNew York
_bMc Graw-Hill
_c1955
300 _a675p
505 _aIntroduction (Page-1), Signal Flow Diagrams and Feedback Theory (Page-88), Synthesis of RC Networks (Page-161), Root-Locus Methods (Page-223), Synthesis Through Pole-Zero Configurations (Page-278), Design in the Plane (Page-317), Principles of Statistical Design (Page-410), Application of Statistical Design Principles (Page-444), Sampled Data Control Systems (Page-500), Nonlinear Systems and Describing Function Analysis (Page-559), Phase-Plane Analysis (Page-613).
650 _aAutomatioc feedback control system
_9111435
942 _2ddc
_cBK
999 _c183937
_d183937